Normal view MARC view

Entry Personal Name

Number of records used in: 1

001 - CONTROL NUMBER

  • control field: 1237374

003 - CONTROL NUMBER IDENTIFIER

  • control field: OSt

005 - DATE AND TIME OF LATEST TRANSACTION

  • control field: 20260430150408.0

008 - FIXED-LENGTH DATA ELEMENTS

  • fixed length control field: 260430|| aca||aabn | a|a d

040 ## - CATALOGING SOURCE

  • Original cataloging agency: OSt
  • Transcribing agency: OSt

100 ## - HEADING--PERSONAL NAME

  • Personal name: Sophronea Tuithung Au.; Luthra Pratibha Mehta Gu

670 ## - SOURCE DATA FOUND

  • Source citation: Work cat.: (OSt)1849682: Sophronea Tuithung Au.; Luthra Pratibha Mehta Gu., Study the Role of [Ca2+1]i,[Ca2+]m and TOR/AMPK Pathway in Neuroprotection Mediated Through Adenosine A2A Receptor in the Neurodegenerative Model of Parkinson’s Disease, 2023
Copyright @ Delhi University Library System